| 000 | 00000nam##2200000za#4500 |
| 001 | 9.681795 |
| 003 | CaOODSP |
| 005 | 20210615132527 |
| 007 | ta |
| 008 | 150407|2001||||xxc||||| f|0| 0 fre|d |
| 020 | |a2-922084-47-7 |
| 040 | |aCaOODSP|bfre |
| 043 | |an-cn--- |
| 086 | 1 |aE84-6/2001F |
| 110 | 1 |aCanada.|bCentre international des droits de la personne et du développement démocratique. |
| 245 | 10|aMission d'enquête sur le sort des peuples autochtones en Colombie, 27 mai - 3 juin 2001 : |brapport / |cpréparé par Eleanor Douglas. |
| 260 | |aMontréal - Québec : |bCentre international des droits de la personne et du développement démocratique |c2001. |
| 300 | |a56p. : |bill., références ; |c28 cm. |
| 500 | |a«Organisée par Droits et Démocratie en collaboration avec l'Assemblée des Premières Nations (Canada).» |
| 563 | |aCouverture souple |
| 590 | |a02-16|b2002-04-19 |
| 691 | 07|aAutochtones|2gcpds |
| 691 | 07|aEnquête sociale|2gcpds |
| 720 | 1 |aDouglas, Eleanor |
| 775 | 08|tMission to Colombia to investigate the situation of indigenous peoples, May 27 - June 3, 2001 : |w(CaOODSP)9.648513 |
| 776 | 0#|tMission d'enquête sur le sort des peuples autochtones en Colombie, 27 mai-3 juin 2001 : |w(CaOODSP)9.640318 |